[Event "St Ingbert op"]
[Site "St Ingbert"]
[Date "1988.??.??"]
[Round "7"]
[White "Piroth, Raymond"]
[Black "Reinhard, Heinz"]
[Result "1/2-1/2"]
[WhiteElo "1670"]
[BlackElo "1568"]
[PlyCount "74"]
[EventDate "1988.08.20"]
[EventType "swiss"]
[EventRounds "9"]
[EventCountry "GER"]
[SourceTitle "EXT 2002"]
[Source "ChessBase"]
[SourceDate "2001.11.25"]
[SourceVersion "1"]
[SourceVersionDate "2001.11.25"]
[SourceQuality "1"]

1. e4 d5 2. exd5 Nf6 3. d4 Nxd5 4. c4 Nb6 5. Nf3 g6 6. Be3 Bg7 7. Be2 0-0 8. 0-0 Nc6 9. Nc3 Bg4 10. c5 Nd5 11. h3 Nxe3 12. fxe3 Bf5 13. a3 e5 14. e4 Bc8 15. d5 Nd4 16. Nb5 Nxe2+ 17. Qxe2 a6 18. Nc3 c6 19. Rad1 Qa5 20. Qe3 f5 21. dxc6 f4 22. Qf2 Qc7 23. cxb7 Bxb7 24. Rd6 Rfd8 25. Rfd1 Bf8 26. Rxd8 Rxd8 27. Rxd8 Qxd8 28. b4 Qd3 29. Qd2 Bxe4 30. Qxd3 Bxd3 31. Nxe5 Bg7 32. Nxd3 Bxc3 33. Nxf4 Kf7 34. Kf2 Bb2 35. a4 Bc3 36. b5 axb5 37. axb5 Bd4+ 1/2-1/2

[Event "St Ingbert op"]
[Site "St Ingbert"]
[Date "1988.??.??"]
[Round "4"]
[White "Reinhard, Heinz"]
[Black "Klotz, Elmar"]
[Result "1/2-1/2"]
[WhiteElo "1568"]
[BlackElo "1640"]
[PlyCount "38"]
[EventDate "1988.08.20"]
[EventType "swiss"]
[EventRounds "9"]
[EventCountry "GER"]
[SourceTitle "EXT 2002"]
[Source "ChessBase"]
[SourceDate "2001.11.25"]
[SourceVersion "1"]
[SourceVersionDate "2001.11.25"]
[SourceQuality "1"]

1. d4 Nf6 2. Nc3 d5 3. e4 Nxe4 4. Nxe4 dxe4 5. Bc4 e6 6. Be3 Nd7 7. f3 Nf6 8. Qd2 exf3 9. Nxf3 Ne4 10. Qd3 Nf6 11. 0-0 Be7 12. Kh1 Bd7 13. Rae1 Bc6 14. Bg5 h6 15. Bxf6 gxf6 16. Rxe6 Kf8 17. Re2 Bd5 18. Rfe1 Bxc4 19. Qxc4 Bd6 1/2-1/2

[Event "St Ingbert op"]
[Site "St Ingbert"]
[Date "1988.??.??"]
[Round "3"]
[White "Singer, Christoph"]
[Black "Reinhard, Heinz"]
[Result "1-0"]
[WhiteElo "1963"]
[BlackElo "1568"]
[PlyCount "61"]
[EventDate "1988.08.20"]
[EventType "swiss"]
[EventRounds "9"]
[EventCountry "GER"]
[SourceTitle "EXT 2002"]
[Source "ChessBase"]
[SourceDate "2001.11.25"]
[SourceVersion "1"]
[SourceVersionDate "2001.11.25"]
[SourceQuality "1"]

1. e4 d5 2. exd5 Nf6 3. d4 Nxd5 4. c4 Nb6 5. Nf3 g6 6. Nc3 Bg7 7. Be2 0-0 8. Be3 Bg4 9. h3 Bxf3 10. Bxf3 Nc6 11. c5 Nc4 12. Qe2 Nxe3 13. fxe3 e5 14. d5 Qh4+ 15. Qf2 Qxf2+ 16. Kxf2 Nb4 17. Be2 Rad8 18. Rhd1 Bh6 19. Rac1 f5 20. a3 Na6 21. Bxa6 bxa6 22. Ne2 f4 23. exf4 exf4 24. Rc2 Rf5 25. d6 Rff8 26. Nd4 Rd7 27. Ne6 Rc8 28. Nxc7 Bf8 29. Rcd2 Kf7 30. Nxa6 Rc6 31. Nb8 1-0